00776nam a22002177a 45000010005000000030006000050050017000110080041000280200018000690400029000870820013001161000027001292450057001562600056002133000059002695050008003285200137003365210029004735210020005027000036005224402FISKH20240820115127.0240820b cb ||||| |||| 00| 0 eng d a9788171818624 aFISKHbengcFISKHdFISKH a372.4122 aSuire, Diane eauthor  aThe Pied Piper of Hamelin / cRetold by Diane Suire  aDelhi : bLearners Press Private Limited ; c2002 . a27 unnumbered pages :bcolor illustrations ;c20cm .  aK  aThe Pied Piper pipes the village free of rats, and when the villagers refuse to pay him for the service he exacts a terrible revenge8 a510 bLexile estimate 8 aK bRaz-Plus  aRovira, Francesc eillustrator